000 00799nam a2200253Ia 4500
003 OSt
005 20220923220148.0
006 a|||||r|||| 00| 0
007 ta
008 220922b |||||||| |||| 00| 0 hin d
024 _a184,711
037 _cTextual
040 _aARTS
_cARTS
_bhin
041 _2hin
_ahin
082 _aO152,1NKA11x, N2
100 _aकरमचन्दाणी, हरीश
245 0 _aपिता बोले थें
246 _aPitā bole thean
260 _aजयपुर
_b पुस्तक संसार
_c1992
300 _a126 पृ.
_ccm.
650 _aहिन्दी साहित्य
_9156264
942 _hO152,1NKA11x, N2
_cTEXL
_2CC
999 _c337995
_d337995